[Event "Mistrovstvi Cech 2019 - U12"]
[Site "?"]
[Date "2019.10.27"]
[Round "2.2"]
[White "Zelba, Lukas"]
[Black "Mrazek, Adam"]
[Result "1-0"]
[BlackElo "1228"]
[WhiteElo "1610"]
[LiveChessVersion "1.4.8"]

1. d4 {[%clk 1:30:04]} Nf6 {[%clk 1:30:50]} 2. Bf4 {[%clk 1:30:21]} g6
{[%clk 1:30:56]} 3. Nc3 {[%clk 1:30:39]} Bg7 {[%clk 1:30:49]} 4. e4
{[%clk 1:30:48]} d6 {[%clk 1:30:30]} 5. Nf3 {[%clk 1:31:06]} Nbd7
{[%clk 1:29:05]} 6. Qd2 {[%clk 1:25:26]} O-O {[%clk 1:25:06]} 7. Bh6
{[%clk 1:23:11]} c5 {[%clk 1:23:25]} 8. Bxg7 {[%clk 1:23:24]} Kxg7
{[%clk 1:23:45]} 9. e5 {[%clk 1:20:30]} dxe5 {[%clk 0:57:14]} 10. dxe5
{[%clk 1:20:33]} Ng4 {[%clk 0:57:02]} 11. Qf4 {[%clk 1:09:09]} Qb6
{[%clk 0:35:07]} 12. O-O-O {[%clk 0:51:34]} Nxf2 {[%clk 0:32:19]} 13. Bc4 Nxh1
{[%clk 0:21:38]} 14. Rxh1 {[%clk 0:51:27]} a5 {[%clk 0:20:35]} 15. Nd5
{[%clk 0:43:16]} Qd8 {[%clk 0:17:54]} 16. Rd1 {[%clk 0:42:22]} Nb6
{[%clk 0:14:13]} 17. Nc3 {[%clk 0:34:19]} Qc7 {[%clk 0:13:26]} 18. Nb5
{[%clk 0:33:10]} Qc6 {[%clk 0:12:50]} 19. Be2 {[%clk 0:32:31]} Be6
{[%clk 0:08:48]} 20. h4 {[%clk 0:29:18]} Bxa2 {[%clk 0:07:23]} 21. h5
{[%clk 0:27:51]} Bd5 {[%clk 0:03:56]} 22. c4 {[%clk 0:27:41]} Bxf3
{[%clk 0:01:23]} 23. Bxf3 {[%clk 0:27:30]} Qc8 {[%clk 0:01:44]} 24. Nd6
{[%clk 0:26:33]} exd6 {[%clk 0:00:49]} 25. h6+ {[%clk 0:26:49]} Kg8
{[%clk 0:00:36]} 26. Qf6 {[%clk 0:27:12]} 1-0

[Event "Mistrovstvi Cech 2019 - U12"]
[Site "?"]
[Date "2019.10.27"]
[Round "2.3"]
[White "Soucek, Jan"]
[Black "Andrle, Filip"]
[Result "1-0"]
[BlackElo "1420"]
[WhiteElo "1705"]
[LiveChessVersion "1.4.8"]

1. e4 {[%clk 1:30:44]} c6 {[%clk 1:30:49]} 2. Nc3 {[%clk 1:31:03]} d5
{[%clk 1:30:48]} 3. Nf3 {[%clk 1:31:04]} dxe4 {[%clk 1:31:01]} 4. Nxe4
{[%clk 1:31:33]} Nd7 {[%clk 1:31:13]} 5. Bc4 {[%clk 1:28:09]} Ngf6
{[%clk 1:31:14]} 6. Qe2 {[%clk 1:27:03]} e6 {[%clk 1:29:46]} 7. Neg5
{[%clk 1:15:25]} Nd5 {[%clk 1:22:43]} 8. Bxd5 {[%clk 1:07:19]} cxd5
{[%clk 1:22:10]} 9. d4 {[%clk 1:06:47]} Be7 {[%clk 1:20:01]} 10. O-O
{[%clk 1:03:29]} O-O {[%clk 1:14:21]} 11. Re1 {[%clk 0:58:46]} Nf6
{[%clk 1:10:08]} 12. Ne5 {[%clk 0:51:32]} Bd7 {[%clk 1:05:23]} 13. f4
{[%clk 0:48:14]} a6 {[%clk 1:04:16]} 14. a4 {[%clk 0:40:40]} Rc8 {[%clk 1:00:50]}
15. f5 {[%clk 0:37:07]} h6 {[%clk 0:58:43]} 16. Ngxf7 {[%clk 0:25:13]} Qb6
{[%clk 0:58:08]} 17. Nxd7 {[%clk 0:21:30]} Nxd7 {[%clk 0:56:34]} 18. fxe6
{[%clk 0:20:18]} Nf6 {[%clk 0:56:55]} 19. c3 {[%clk 0:19:36]} Ne4
{[%clk 0:57:10]} 20. Qg4 {[%clk 0:18:49]} Bf6 {[%clk 0:57:06]} 21. Nxh6+
{[%clk 0:17:59]} Kh7 {[%clk 0:57:04]} 22. Nf7 {[%clk 0:17:11]} Rxf7
{[%clk 0:55:48]} 23. exf7 {[%clk 0:17:15]} Bxd4+ {[%clk 0:56:09]} 24. cxd4
{[%clk 0:16:06]} Rxc1 {[%clk 0:56:17]} 25. Qh5+ {[%clk 0:16:23]} 1-0

[Event "Mistrovstvi Cech 2019 - U12"]
[Site "?"]
[Date "2019.10.27"]
[Round "2.4"]
[White "Barta, David"]
[Black "Dobsa, Emma"]
[Result "0-1"]
[BlackElo "1342"]
[WhiteElo "1478"]
[LiveChessVersion "1.4.8"]

1. d4 {[%clk 1:30:45]} d5 {[%clk 1:30:45]} 2. Nf3 {[%clk 1:30:55]} Nf6
{[%clk 1:30:58]} 3. g3 {[%clk 1:31:08]} c6 {[%clk 1:31:15]} 4. Bg2
{[%clk 1:30:59]} Bf5 {[%clk 1:29:31]} 5. O-O {[%clk 1:30:49]} h6 {[%clk 1:29:32]}
6. Nbd2 {[%clk 1:30:08]} e6 {[%clk 1:29:08]} 7. c4 {[%clk 1:29:59]} Nbd7
{[%clk 1:28:12]} 8. b3 {[%clk 1:23:38]} Bd6 {[%clk 1:28:13]} 9. Bb2
{[%clk 1:23:25]} O-O {[%clk 1:25:33]} 10. Ne5 {[%clk 1:19:17]} Qe7
{[%clk 1:20:14]} 11. Rc1 {[%clk 1:15:27]} Ba3 {[%clk 1:19:09]} 12. e4
{[%clk 1:04:53]} Bxb2 {[%clk 1:16:56]} 13. Nxd7 {[%clk 1:03:58]} Qxd7
{[%clk 1:15:52]} 14. Rc2 {[%clk 1:01:04]} dxe4 {[%clk 1:14:24]} 15. Rxb2
{[%clk 0:59:46]} Qxd4 {[%clk 1:10:46]} 16. Rb1 {[%clk 0:55:09]} e3
{[%clk 1:09:34]} 17. Ne4 {[%clk 0:54:04]} Qxd1 {[%clk 1:08:36]} 18. Nxf6+
{[%clk 0:54:16]} gxf6 {[%clk 1:08:44]} 19. Rfxd1 {[%clk 0:53:31]} Bxb1
{[%clk 1:06:48]} 20. Rxb1 {[%clk 0:53:55]} exf2+ {[%clk 1:06:58]} 21. Kxf2
{[%clk 0:54:16]} Rad8 {[%clk 1:06:25]} 22. Ke3 {[%clk 0:54:11]} Rd6
{[%clk 1:05:25]} 23. c5 {[%clk 0:54:19]} Rd7 {[%clk 1:05:39]} 24. b4
{[%clk 0:54:41]} Rfd8 {[%clk 1:05:54]} 25. b5 {[%clk 0:52:59]} Rd3+
{[%clk 1:05:10]} 26. Ke2 {[%clk 0:48:51]} Rd2+ {[%clk 1:05:28]} 27. Kf3
{[%clk 0:49:15]} R8d3+ {[%clk 1:05:49]} 28. Ke4 {[%clk 0:49:34]} f5+
{[%clk 1:05:56]} 29. Ke5 {[%clk 0:50:00]} Rd5+ {[%clk 1:05:59]} 30. Bxd5
{[%clk 0:48:59]} Rxd5+ {[%clk 1:05:34]} 31. Kf6 {[%clk 0:44:44]} f4
{[%clk 1:00:53]} 32. gxf4 {[%clk 0:41:50]} Kf8 0-1

[Event "Mistrovstvi Cech 2019 - U12"]
[Site "?"]
[Date "2019.10.27"]
[Round "2.6"]
[White "Bouska, Jiri"]
[Black "Veverkova, Dorota"]
[Result "1-0"]
[BlackElo "1222"]
[WhiteElo "1457"]
[LiveChessVersion "1.4.8"]

1. e4 c6 {[%clk 1:30:53]} 2. d4 {[%clk 1:31:07]} d5 {[%clk 1:31:14]} 3. Nc3
{[%clk 1:31:27]} dxe4 {[%clk 1:31:33]} 4. Nxe4 {[%clk 1:31:51]} Bf5
{[%clk 1:31:13]} 5. Ng3 {[%clk 1:31:53]} Bg6 {[%clk 1:31:20]} 6. Bc4
{[%clk 1:32:06]} Nf6 {[%clk 1:30:42]} 7. Nf3 {[%clk 1:32:17]} Nbd7
{[%clk 1:27:06]} 8. Bf4 {[%clk 1:31:13]} e6 {[%clk 1:25:57]} 9. Nh4
{[%clk 1:29:35]} Bh5 {[%clk 1:22:46]} 10. Nxh5 {[%clk 1:29:49]} Qa5+
{[%clk 1:22:47]} 11. Bd2 {[%clk 1:29:12]} Qxh5 {[%clk 1:22:40]} 12. Qxh5
{[%clk 1:29:17]} Nxh5 {[%clk 1:22:45]} 13. O-O-O {[%clk 1:29:31]} O-O-O
{[%clk 1:20:24]} 14. Nf3 {[%clk 1:28:50]} Be7 {[%clk 1:18:41]} 15. g4
{[%clk 1:28:03]} Nhf6 {[%clk 1:18:42]} 16. Ng5 {[%clk 1:28:24]} Rhf8
{[%clk 1:18:20]} 17. Bxe6 {[%clk 1:28:44]} fxe6 {[%clk 1:15:42]} 18. Nxe6
{[%clk 1:28:59]} Nxg4 {[%clk 1:15:32]} 19. Nxf8 {[%clk 1:28:00]} Nxf2
{[%clk 1:12:38]} 20. Nxd7 {[%clk 1:26:43]} Rxd7 {[%clk 1:12:39]} 21. c3
{[%clk 1:26:04]} Nxh1 {[%clk 1:12:05]} 22. Rxh1 {[%clk 1:26:27]} c5
{[%clk 1:11:25]} 23. Be3 {[%clk 1:26:09]} Rc7 {[%clk 1:10:14]} 24. d5
{[%clk 1:26:29]} Rd7 {[%clk 1:10:04]} 25. c4 {[%clk 1:26:40]} b6 {[%clk 1:09:42]}
26. Re1 {[%clk 1:26:46]} h6 {[%clk 1:08:31]} 27. Kc2 {[%clk 1:26:02]} Bg5
{[%clk 1:06:21]} 28. Bxg5 {[%clk 1:26:20]} hxg5 {[%clk 1:06:37]} 29. Rg1
{[%clk 1:26:46]} Rf7 {[%clk 1:06:36]} 30. Rg2 {[%clk 1:26:34]} Rf5
{[%clk 1:06:24]} 31. Kd3 {[%clk 1:26:12]} a6 {[%clk 1:06:12]} 32. Ke4
{[%clk 1:26:19]} g6 {[%clk 1:05:46]} 33. a3 {[%clk 1:24:24]} Kc7 {[%clk 1:03:54]}
34. Re2 {[%clk 1:23:01]} b5 {[%clk 1:03:33]} 35. b3 {[%clk 1:22:47]} Kd6
{[%clk 1:01:00]} 36. Rg2 {[%clk 1:21:23]} bxc4 {[%clk 0:59:21]} 37. bxc4
{[%clk 1:21:42]} Rf4+ {[%clk 0:57:28]} 38. Kd3 {[%clk 1:21:39]} Rf5
{[%clk 0:55:41]} 39. Rg4 {[%clk 1:20:35]} a5 {[%clk 0:53:47]} 40. Ke3
{[%clk 1:18:51]} a4 {[%clk 0:53:00]} 41. Re4 {[%clk 1:19:01]} Re5
{[%clk 0:51:30]} 42. Kf3 {[%clk 1:18:38]} Rf5+ {[%clk 0:50:25]} 43. Kg4
{[%clk 1:18:08]} Rf2 {[%clk 0:49:07]} 44. Kxg5 {[%clk 1:17:40]} Rxh2
{[%clk 0:49:14]} 45. Re6+ {[%clk 1:17:45]} Kd7 {[%clk 0:49:31]} 46. Ra6
{[%clk 1:18:06]} Rc2 {[%clk 0:49:15]} 47. Rxa4 {[%clk 1:18:31]} Kd6
{[%clk 0:49:11]} 48. Kxg6 {[%clk 1:18:17]} Ke5 {[%clk 0:49:18]} 49. Kf7 1-0

[Event "Mistrovstvi Cech 2019 - U12"]
[Site "?"]
[Date "2019.10.27"]
[Round "2.7"]
[White "Langmaier, Michal"]
[Black "Svoboda, Daniel"]
[Result "0-1"]
[BlackElo "1462"]
[WhiteElo "1189"]
[LiveChessVersion "1.4.8"]

1. d4 {[%clk 1:30:57]} Nf6 {[%clk 1:30:52]} 2. c4 {[%clk 1:31:15]} c5
{[%clk 1:31:13]} 3. d5 {[%clk 1:29:27]} b5 {[%clk 1:31:29]} 4. b3
{[%clk 1:22:53]} bxc4 {[%clk 1:27:49]} 5. bxc4 {[%clk 1:22:07]} d6
{[%clk 1:24:45]} 6. Nc3 {[%clk 1:19:25]} g6 {[%clk 1:23:28]} 7. Bb2
{[%clk 1:18:11]} Bg7 {[%clk 1:22:07]} 8. Nf3 {[%clk 1:17:09]} O-O
{[%clk 1:21:58]} 9. e3 {[%clk 1:16:05]} Nbd7 {[%clk 1:18:23]} 10. Be2
{[%clk 1:14:58]} Nb6 {[%clk 1:17:30]} 11. Rc1 {[%clk 1:09:42]} Rb8
{[%clk 1:15:43]} 12. O-O {[%clk 1:05:41]} Nxc4 {[%clk 1:11:55]} 13. Bxc4
{[%clk 1:05:19]} Rxb2 {[%clk 1:12:12]} 14. Bb3 {[%clk 1:03:57]} Ba6
{[%clk 1:04:48]} 15. Re1 {[%clk 0:59:35]} Ng4 {[%clk 1:03:54]} 16. Nd2
{[%clk 0:55:45]} Ne5 {[%clk 0:58:35]} 17. Rc2 {[%clk 0:50:25]} Rxc2
{[%clk 0:58:33]} 18. Qxc2 {[%clk 0:50:32]} Nd3 {[%clk 0:54:41]} 19. Rb1
{[%clk 0:46:15]} Nb4 {[%clk 0:53:56]} 20. Qb2 {[%clk 0:44:26]} Qc7
{[%clk 0:48:41]} 21. Bc4 {[%clk 0:41:32]} Bxc4 {[%clk 0:45:27]} 22. Nxc4
{[%clk 0:41:39]} Bxc3 {[%clk 0:42:36]} 23. Qxc3 {[%clk 0:39:39]} Nxd5
{[%clk 0:42:52]} 24. Qb3 {[%clk 0:38:04]} Nb6 {[%clk 0:33:28]} 25. Nxb6
{[%clk 0:36:10]} axb6 {[%clk 0:33:50]} 26. Qxb6 {[%clk 0:36:22]} Qxb6
{[%clk 0:34:15]} 27. Rxb6 {[%clk 0:36:41]} Ra8 {[%clk 0:34:37]} 28. Rb2
{[%clk 0:36:40]} Kg7 {[%clk 0:33:41]} 29. Kf1 {[%clk 0:36:32]} Kf6
{[%clk 0:33:59]} 30. Ke2 {[%clk 0:36:49]} Ra7 {[%clk 0:33:17]} 31. Kd3
{[%clk 0:35:49]} Ke5 {[%clk 0:32:19]} 32. f3 {[%clk 0:32:33]} Kd5
{[%clk 0:28:18]} 33. Rc2 {[%clk 0:29:50]} Ra3+ {[%clk 0:26:34]} 34. Kd2
{[%clk 0:27:41]} c4 {[%clk 0:24:36]} 35. Ke2 {[%clk 0:27:03]} Kc5
{[%clk 0:23:02]} 36. Kd2 {[%clk 0:26:30]} d5 {[%clk 0:22:32]} 37. Ke2
{[%clk 0:25:33]} Kb4 {[%clk 0:18:40]} 38. Kd2 {[%clk 0:24:06]} Kc5
{[%clk 0:17:49]} 39. Ke2 {[%clk 0:24:04]} e5 {[%clk 0:16:57]} 40. Kf2
{[%clk 0:18:27]} d4 {[%clk 0:16:27]} 41. exd4+ {[%clk 0:18:38]} exd4 0-1

[Event "Mistrovstvi Cech 2019 - U12"]
[Site "?"]
[Date "2019.10.27"]
[Round "2.8"]
[White "Bartak, Josef"]
[Black "Belaska, Vaclav"]
[Result "0-1"]
[BlackElo "1339"]
[WhiteElo "1425"]
[LiveChessVersion "1.4.8"]

1. e4 c5 {[%clk 1:30:42]} 2. d4 {[%clk 1:30:45]} cxd4 {[%clk 1:30:33]} 3. c3 dxc3
{[%clk 1:30:24]} 4. Nxc3 {[%clk 1:31:30]} d6 {[%clk 1:29:46]} 5. Bc4
{[%clk 1:31:41]} Nc6 {[%clk 1:29:13]} 6. Nf3 {[%clk 1:32:02]} e5 {[%clk 1:27:30]}
7. O-O {[%clk 1:31:35]} Nf6 {[%clk 1:27:12]} 8. Ng5 {[%clk 1:30:22]} Be6
{[%clk 1:24:08]} 9. Nxe6 {[%clk 1:30:23]} fxe6 {[%clk 1:24:27]} 10. Bxe6
{[%clk 1:30:48]} Qe7 {[%clk 1:24:17]} 11. Nd5 {[%clk 1:29:52]} Nxd5
{[%clk 1:23:22]} 12. exd5 {[%clk 1:30:13]} Nd4 {[%clk 1:22:59]} 13. Bg4
{[%clk 1:29:14]} Qf7 {[%clk 1:21:24]} 14. f4 {[%clk 1:27:37]} Qxd5
{[%clk 1:19:08]} 15. fxe5 {[%clk 1:27:33]} dxe5 {[%clk 1:18:37]} 16. Re1
{[%clk 1:26:15]} Bd6 {[%clk 1:15:31]} 17. Be6 {[%clk 1:19:59]} Qxe6
{[%clk 1:10:48]} 18. Qxd4 {[%clk 1:20:07]} exd4 {[%clk 1:10:53]} 19. Rxe6+
{[%clk 1:20:21]} Kd7 {[%clk 1:10:44]} 20. Re4 {[%clk 1:20:24]} Bc5
{[%clk 1:08:39]} 21. b4 {[%clk 1:20:16]} Bb6 {[%clk 1:07:58]} 22. Bb2
{[%clk 1:20:06]} Rae8 {[%clk 1:05:29]} 23. Rg4 {[%clk 1:19:18]} g6
{[%clk 1:01:55]} 24. Bxd4 {[%clk 1:18:59]} Bxd4+ {[%clk 0:59:01]} 25. Rxd4+
{[%clk 1:19:16]} Kc8 {[%clk 0:58:26]} 26. Rc1+ {[%clk 1:19:15]} Kb8
{[%clk 0:57:05]} 27. Rd7 {[%clk 1:19:34]} Rc8 {[%clk 0:56:45]} 28. Rxc8+
{[%clk 1:19:26]} Kxc8 {[%clk 0:54:51]} 29. Rg7 {[%clk 1:19:44]} Kb8
{[%clk 0:52:55]} 30. Kf2 {[%clk 1:19:19]} a6 {[%clk 0:49:52]} 31. a4
{[%clk 1:16:56]} Ka7 {[%clk 0:46:46]} 32. a5 {[%clk 1:17:15]} Rf8+
{[%clk 0:46:39]} 33. Kg3 {[%clk 1:17:30]} Rf5 {[%clk 0:44:29]} 34. Rxh7
{[%clk 1:17:01]} Rg5+ {[%clk 0:44:23]} 35. Kf3 {[%clk 1:17:17]} Rf5+
{[%clk 0:44:27]} 36. Kg4 {[%clk 1:16:47]} Rb5 {[%clk 0:44:44]} 37. Rg7
{[%clk 1:13:32]} Rxb4+ {[%clk 0:44:29]} 38. Kg5 {[%clk 1:13:36]} Rb5+
{[%clk 0:44:36]} 39. Kxg6 {[%clk 1:13:56]} Rxa5 {[%clk 0:44:52]} 40. h4
{[%clk 1:14:13]} Ra2 {[%clk 0:44:34]} 41. h5 {[%clk 1:11:28]} Rxg2+ 42. Kf7
{[%clk 1:11:33]} Rh2 {[%clk 0:44:31]} 43. Rg5 {[%clk 1:11:47]} b6
{[%clk 0:44:01]} 44. Kg7 {[%clk 1:11:54]} a5 {[%clk 0:44:06]} 45. h6
{[%clk 1:12:01]} Ka6 {[%clk 0:43:54]} 46. h7 {[%clk 1:12:17]} a4 {[%clk 0:43:48]}
47. h8=Q {[%clk 1:12:26]} Rxh8 {[%clk 0:44:11]} 48. Kxh8 {[%clk 1:12:49]} b5
{[%clk 0:44:24]} 49. Kh7 {[%clk 1:11:14]} Ka5 {[%clk 0:44:34]} 50. Rg4
{[%clk 1:11:33]} a3 {[%clk 0:44:41]} 51. Kh6 {[%clk 1:10:51]} b4 {[%clk 0:44:30]}
52. Kg5 {[%clk 1:08:06]} Ka4 {[%clk 0:44:32]} 53. Kf4 {[%clk 1:07:45]} a2
{[%clk 0:44:41]} 54. Rg8 {[%clk 1:08:03]} Kb3 {[%clk 0:44:34]} 55. Rg3+
{[%clk 1:07:54]} Ka4 {[%clk 0:43:36]} 56. Rg8 {[%clk 1:08:14]} Ka3
{[%clk 0:43:35]} 57. Ra8+ {[%clk 1:07:37]} Kb2 {[%clk 0:43:47]} 58. Rb8 b3
{[%clk 0:43:35]} 0-1

[Event "Mistrovstvi Cech 2019 - U12"]
[Site "?"]
[Date "2019.10.27"]
[Round "2.9"]
[White "Marsik, Ondrej"]
[Black "Popov, Roman"]
[Result "0-1"]
[BlackElo "1461"]
[WhiteElo "1304"]
[LiveChessVersion "1.4.8"]

1. e4 {[%clk 1:30:47]} c5 {[%clk 1:30:54]} 2. c3 {[%clk 1:30:20]} e6
{[%clk 1:30:47]} 3. d4 {[%clk 1:30:32]} d5 {[%clk 1:31:01]} 4. exd5
{[%clk 1:29:59]} exd5 {[%clk 1:31:22]} 5. Nf3 {[%clk 1:29:50]} Nf6
{[%clk 1:31:24]} 6. Be2 {[%clk 1:29:10]} Bd6 {[%clk 1:26:23]} 7. Be3
{[%clk 1:27:30]} Qb6 {[%clk 1:22:58]} 8. Qb3 {[%clk 1:24:01]} Qxb3
{[%clk 1:16:52]} 9. axb3 {[%clk 1:22:46]} Nbd7 {[%clk 1:14:48]} 10. Bb5
{[%clk 1:22:32]} b6 {[%clk 1:12:56]} 11. Bc6 {[%clk 1:21:52]} Rb8
{[%clk 1:11:08]} 12. Rxa7 {[%clk 1:22:04]} O-O {[%clk 1:09:38]} 13. c4
{[%clk 1:21:28]} dxc4 {[%clk 1:02:36]} 14. bxc4 cxd4 {[%clk 1:00:26]} 15. Nxd4
{[%clk 1:18:50]} Ne5 {[%clk 1:00:19]} 16. c5 {[%clk 1:13:55]} bxc5
{[%clk 0:57:45]} 17. Nb5 {[%clk 1:10:58]} Nxc6 {[%clk 0:57:51]} 18. Nxd6
{[%clk 1:00:27]} Nxa7 {[%clk 0:58:07]} 19. O-O {[%clk 1:00:33]} Ba6
{[%clk 0:56:03]} 20. Rc1 {[%clk 1:00:26]} Rxb2 {[%clk 0:54:13]} 21. Bxc5
{[%clk 0:59:27]} Nc8 {[%clk 0:52:09]} 22. Nc4 {[%clk 0:57:46]} Bxc4
{[%clk 0:51:51]} 23. Bxf8 {[%clk 0:58:07]} Kxf8 {[%clk 0:52:05]} 24. Na3
{[%clk 0:58:24]} Be6 {[%clk 0:51:48]} 25. h3 {[%clk 0:57:06]} Rb3
{[%clk 0:48:26]} 26. Nc2 {[%clk 0:57:00]} Rc3 {[%clk 0:48:28]} 27. f3
{[%clk 0:52:41]} Bb3 {[%clk 0:45:39]} 28. Kf1 {[%clk 0:51:58]} Rxc2
{[%clk 0:45:27]} 29. Re1 {[%clk 0:44:07]} Bc4+ {[%clk 0:45:31]} 30. Kg1
{[%clk 0:44:27]} Nd6 {[%clk 0:44:46]} 31. Rd1 {[%clk 0:42:18]} Nfe8
{[%clk 0:44:33]} 32. Kh2 {[%clk 0:41:24]} Nf5 {[%clk 0:44:41]} 33. Kh1
{[%clk 0:37:21]} Ne3 {[%clk 0:44:42]} 34. Rg1 {[%clk 0:35:53]} Nf6
{[%clk 0:43:40]} 35. Kh2 {[%clk 0:35:28]} Nf1+ {[%clk 0:43:40]} 36. Kh1
{[%clk 0:35:03]} Nh5 {[%clk 0:43:44]} 37. Rxf1 {[%clk 0:33:28]} Bxf1
{[%clk 0:44:07]} 38. Kg1 {[%clk 0:33:40]} Ng3 {[%clk 0:44:12]} 39. Kh2
{[%clk 0:34:02]} Rxg2# 0-1

[Event "Mistrovstvi Cech 2019 - U12"]
[Site "Prichovice u Korenova"]
[Date "2019.10.27"]
[Round "2.10"]
[White "Mikolas, Petr"]
[Black "Janouskova, Adela"]
[Result "0-1"]
[WhiteElo "1438"]
[BlackElo "1257"]
[PlyCount "62"]
[EventDate "2019.10.26"]

1. e4 c5 2. Nf3 Nc6 3. d4 cxd4 4. Nxd4 Nf6 5. Nc3 e5 6. Nxc6 bxc6 7. Bc4 Bb4 8.
Bd2 Qb6 9. O-O Qc5 10. Bd3 Qe7 11. a3 Bc5 12. Na4 Bd4 13. c3 Bb6 14. Nxb6 axb6
15. Qb3 Qd6 16. Qc2 O-O 17. Be3 Qc7 18. f4 Ng4 19. Bd2 b5 20. a4 Qb6+ 21. Kh1
Nf2+ 22. Rxf2 Qxf2 23. fxe5 Re8 24. Rf1 Qb6 25. Qb3 Rf8 26. axb5 cxb5 27. c4 b4
28. Qxb4 Qxb4 29. Bxb4 Re8 30. Bc3 Ba6 31. Ra1 Bxc4 0-1

[Event "Mistrovstvi Cech 2019 - U12"]
[Site "Prichovice u Korenova"]
[Date "2019.10.27"]
[Round "2.11"]
[White "Hejda, Ondrej"]
[Black "Hrbek, Jachym"]
[Result "0-1"]
[WhiteElo "1355"]
[BlackElo "1296"]
[PlyCount "112"]
[EventDate "2019.10.26"]

1. d4 f5 2. Nc3 Nf6 3. Bf4 g6 4. Nf3 Bg7 5. e3 e6 6. Bd3 O-O 7. O-O d6 8. Qd2
Qe8 9. e4 fxe4 10. Bxe4 Nxe4 11. Nxe4 Qf7 12. Bh6 Bd7 13. Bxg7 Qxg7 14. Qc3 Nc6
15. Rad1 Rf4 16. Rfe1 Raf8 17. Qd2 h6 18. d5 Nd8 19. c3 e5 20. Ng3 Bg4 21. Re3
Bxf3 22. gxf3 Rxf3 23. Rxf3 Rxf3 24. c4 Rf4 25. c5 Rd4 26. Qe2 Rxd1+ 27. Qxd1
dxc5 28. d6 Qd7 29. Qd5+ Qe6 30. Qxc5 Qxd6 31. Qe3 Kg7 32. Qxa7 h5 33. Qe3 Ne6
34. Qf3 c6 35. Ne4 Qf8 36. Qc3 Qf4 37. Ng3 Nd4 38. Qc5 h4 39. Qe7+ Kh6 40. Nh1
Qg5+ 41. Qxg5+ Kxg5 42. Kg2 Kf4 43. Kh3 g5 44. b3 Nf3 45. Kg2 g4 46. h3 b6 47.
b4 c5 48. a3 c4 49. hxg4 Kxg4 50. Kf1 Kf4 51. Ke2 b5 52. Kd1 Ke4 53. Kc1 Kd3
54. Kd1 Kc3 55. a4 bxa4 56. b5 a3 0-1

[Event "Mistrovstvi Cech 2019 - U12"]
[Site "Prichovice u Korenova"]
[Date "2019.10.27"]
[Round "2.13"]
[White "Sedmihradsky, Tomas"]
[Black "Kroulik, Vaclav"]
[Result "1-0"]
[WhiteElo "1028"]
[BlackElo "1323"]
[PlyCount "61"]
[EventDate "2019.10.26"]

1. d4 Nf6 2. c4 c5 3. d5 b5 4. e3 Bb7 5. Nc3 bxc4 6. Bxc4 e6 7. e4 e5 8. Qb3
Ba6 9. Nb5 d6 10. Qa4 Nfd7 11. Nxd6+ Bxd6 12. Bxa6 Qb6 13. Bb5 a6 14. Bxd7+
Nxd7 15. Nf3 Ra7 16. O-O O-O 17. Rb1 f5 18. Nd2 Qc7 19. Nc4 Be7 20. Rd1 Bd6 21.
Qc6 Rf6 22. exf5 Bf8 23. Qxc7 Rxc7 24. g4 h5 25. Bg5 Rf7 26. f3 hxg4 27. fxg4
Rb7 28. Na5 Rb4 29. h3 Ra4 30. Nc6 Rxa2 31. Nd8 1-0

[Event "Mistrovstvi Cech 2019 - U12"]
[Site "Prichovice u Korenova"]
[Date "2019.10.27"]
[Round "2.18"]
[White "Myskova, Veronika"]
[Black "Cinkova, Vicky"]
[Result "0-1"]
[WhiteElo "1042"]
[BlackElo "1207"]
[PlyCount "46"]
[EventDate "2019.10.26"]

1. e4 c6 2. Nf3 g6 3. d4 Bg7 4. Nc3 d5 5. Bd3 Bg4 6. Be2 e6 7. Be3 Ne7 8. O-O
O-O 9. Qd2 Bxf3 10. Bxf3 Nd7 11. e5 Nf5 12. Bg4 Nxe3 13. Qxe3 Re8 14. b4 Qh4
15. Bh3 b6 16. Ne2 c5 17. bxc5 bxc5 18. dxc5 Nxe5 19. Rad1 g5 20. Nd4 g4 21. g3
Qxh3 22. Qc3 Nf3+ 23. Nxf3 Bxc3 0-1

[Event "Mistrovstvi Cech 2019 - U12"]
[Site "Prichovice u Korenova"]
[Date "2019.10.27"]
[Round "2.20"]
[White "Martirosyan, David"]
[Black "Mauer, Pavel"]
[Result "1-0"]
[WhiteElo "1441"]
[BlackElo "1138"]
[PlyCount "117"]
[EventDate "2019.10.26"]

1. e4 c5 2. Nf3 d6 3. d4 cxd4 4. Nxd4 Nf6 5. Nc3 Nc6 6. g3 g6 7. Bg2 Bg7 8. O-O
Bd7 9. Nde2 O-O 10. h3 Qc8 11. Kh2 a6 12. a4 Qc7 13. Nd5 Nxd5 14. exd5 Ne5 15.
Ra2 Rac8 16. b3 Rfe8 17. f4 Nc4 18. bxc4 Qxc4 19. Ra3 Bxa4 20. Qd3 Bxc2 21.
Qxc4 Rxc4 22. Bd2 Bf5 23. g4 Bd7 24. Bc3 Bb5 25. Bxg7 Kxg7 26. Rb1 Rec8 27.
Rbb3 R4c7 28. Nd4 Bd7 29. Re3 Kf8 30. f5 gxf5 31. Nxf5 Bxf5 32. gxf5 f6 33. Re4
Kf7 34. Rh4 Rh8 35. Rg3 b5 36. Ra3 Rc4 37. Rxc4 bxc4 38. Rxa6 c3 39. Rc6 Rg8
40. Rxc3 Rb8 41. Kg3 Rb4 42. Re3 h6 43. Be4 Rb8 44. Kh4 Kg7 45. Kh5 Kh7 46. Bd3
Rg8 47. Rxe7+ Rg7 48. Rxg7+ Kxg7 49. Kg4 Kh7 50. Kf4 Kg7 51. Ke4 Kf7 52. Kd4
Ke7 53. Kc4 Kd7 54. Kb5 Kc7 55. Ka6 Kd7 56. Kb7 h5 57. h4 Ke7 58. Be2 Kf7 59.
Kc7 1-0

[Event "Mistrovstvi Cech 2019 - U14"]
[Site "?"]
[Date "2019.10.27"]
[Round "2.1"]
[White "Hak, David"]
[Black "Zelbova, Lada"]
[Result "1-0"]
[BlackElo "1571"]
[WhiteElo "2018"]
[LiveChessVersion "1.4.8"]

1. d4 d5 {[%clk 1:30:55]} 2. c4 {[%clk 1:31:24]} e6 {[%clk 1:31:21]} 3. Nc3
{[%clk 1:31:39]} a6 {[%clk 1:31:47]} 4. cxd5 {[%clk 1:29:48]} exd5
{[%clk 1:32:11]} 5. Qb3 {[%clk 1:28:18]} Nf6 6. Bg5 {[%clk 1:27:59]} c6
{[%clk 1:25:25]} 7. Nf3 {[%clk 1:23:42]} h6 {[%clk 1:20:19]} 8. Bh4
{[%clk 1:20:05]} Be7 {[%clk 1:16:28]} 9. e3 {[%clk 1:20:11]} O-O {[%clk 1:15:19]}
10. Bd3 Nbd7 11. O-O {[%clk 1:18:38]} Ne8 {[%clk 1:10:19]} 12. Bxe7
{[%clk 1:17:14]} Qxe7 {[%clk 1:10:44]} 13. Rae1 {[%clk 1:16:14]} Ndf6
{[%clk 1:07:58]} 14. e4 {[%clk 1:00:26]} dxe4 {[%clk 1:06:57]} 15. Nxe4
{[%clk 0:59:43]} Be6 {[%clk 1:03:16]} 16. Nc5 {[%clk 0:53:54]} Qxc5
{[%clk 0:50:35]} 17. Rxe6 {[%clk 0:49:16]} Qd5 {[%clk 0:49:29]} 18. Bc4
{[%clk 0:35:24]} Qd8 {[%clk 0:47:09]} 19. Re2 {[%clk 0:26:53]} Nd6
{[%clk 0:44:36]} 20. Bd3 {[%clk 0:24:39]} Nd5 {[%clk 0:42:47]} 21. Bb1
{[%clk 0:23:40]} Qd7 {[%clk 0:36:05]} 22. Ne5 {[%clk 0:22:08]} Qc7
{[%clk 0:34:02]} 23. Qc2 {[%clk 0:21:29]} f5 {[%clk 0:31:32]} 24. a3
{[%clk 0:18:18]} Ne4 {[%clk 0:24:28]} 25. f3 {[%clk 0:14:31]} Nd6
{[%clk 0:23:00]} 26. Ba2 {[%clk 0:13:56]} Qa5 {[%clk 0:18:59]} 27. Nxc6
{[%clk 0:12:39]} bxc6 {[%clk 0:15:15]} 28. Qxc6 {[%clk 0:13:14]} Rad8
{[%clk 0:14:00]} 29. Qxd5+ {[%clk 0:13:14]} Qxd5 {[%clk 0:14:19]} 30. Bxd5+
{[%clk 0:13:42]} Kh7 {[%clk 0:12:31]} 31. Ba2 {[%clk 0:14:01]} f4
{[%clk 0:12:05]} 32. Rd1 {[%clk 0:13:07]} Kh8 {[%clk 0:12:02]} 33. Re6
{[%clk 0:11:17]} Nf5 {[%clk 0:10:05]} 34. Rxa6 {[%clk 0:07:39]} Nxd4
{[%clk 0:10:21]} 35. Kf1 {[%clk 0:06:48]} Rfe8 {[%clk 0:09:45]} 36. Ra4
{[%clk 0:06:11]} Rc8 {[%clk 0:06:17]} 37. Raxd4 {[%clk 0:06:13]} 1-0